000 00804nam a2200205Ia 4500
003 GCL
008 140319s9999 xx 000 0 ara d
020 _a7033309977
040 _aGCL /
_cGCL
082 0 4 _a362.293
_bص ت
100 1 _aصندوق مكافحة وعلاج الادمان والتعاطي
245 1 0 _aالتعاطي والادمان بين العمال :
_bدراسة ميدانية /
_cصندوق مكافحة وعلاج الادمان والتعاطي
250 _aالثانية
260 _aالقاهرة :
_bصندوق مكافحة وعلاج الادمان والتعاطي ،
_c2001
300 _a236 ص ؛
_c25 سم
650 0 4 _aمكافحة المخدرات
650 0 4 _aالمخدرات - مصر
650 0 4 _aادمان المخدرات - مصر
942 _2ddc
_cBK
999 _c2689
_d2689